000 00524nam a22001457a 4500
005 20260129131132.0
008 260123b |||||||| |||| 00| 0 eng d
041 _aeng
082 _bBAN
100 _aBankhele Gayatri- 2k241008 & Dr. Sonali Parchure – Guide
_9216442
245 _aA Comparative Study of the Old and New Regime in Income Tax for an Individual Taxpayers, at Taxblock, Professional Services Pvt.Ltd
260 _aPune
_bSavitribai Phule Pune University
_c2025
300 _a53p
_bHard Bound
942 _cPR
999 _c370077
_d370077